Modern managerial economics : (Record no. 9670)

MARC details
000 -LEADER
fixed length control field 00738nac a22002051u 4500
020 ## - INTERNATIONAL STANDARD BOOK NUMBER
International Standard Book Number 0538817348
082 ## - DEWEY DECIMAL CLASSIFICATION NUMBER
Classification number 338.5
Item number SHU
090 ## - LOCALLY ASSIGNED LC-TYPE CALL NUMBER (OCLC); LOCAL CALL NUMBER (OCLC)
-- 9670
-- 9670
100 ## - MAIN ENTRY--PERSONAL NAME
Personal name Shughart, William F.
245 ## - TITLE STATEMENT
Title Modern managerial economics :
Remainder of title economic theory for business decisions /
Statement of responsibility, etc William F. Shughart II, William F. Chappell, Rex L. Cottle.
260 ## - PUBLICATION, DISTRIBUTION, ETC. (IMPRINT)
Place of publication, distribution, etc Cincinnati, Ohio :
Name of publisher, distributor, etc College Division, South-Western Pub. Co,1994.
Date of publication, distribution, etc 1994
300 ## - PHYSICAL DESCRIPTION
Extent xxiii,659p.:
Other physical details ill.;
Dimensions 23 cm.
500 ## - GENERAL NOTE
General note distributer: Al-Ahram
500 ## - GENERAL NOTE
General note Includes index
511 ## - PARTICIPANT OR PERFORMER NOTE
Participant or performer note catalogued by: wessam
650 ## - SUBJECT ADDED ENTRY--TOPICAL TERM
Topical term or geographic name as entry element managerial economics
700 ## - ADDED ENTRY--PERSONAL NAME
Personal name Chappell, William F.
700 ## - ADDED ENTRY--PERSONAL NAME
Personal name Cottle, Rex L.
942 ## - ADDED ENTRY ELEMENTS (KOHA)
Item type Book - Borrowing
Call number prefix 338.5SHU
Holdings
Withdrawn status Item status Damaged status Not for loan Home library Current library Shelving location Date acquired Source of acquisition Total Checkouts Full call number Barcode Date last seen Koha item type
        Central Library Central Library First floor 28/05/2008 Purchase   338.5SHU 000011461 15/07/2025 Book - Borrowing